| 000 | 00681nam a2200193 a 4500 | ||
|---|---|---|---|
| 001 | 000860357 | ||
| 003 | AM-YeHGA | ||
| 005 | 20250617145058.0 | ||
| 008 | 120123s1973 ||| r 000 0 rus d | ||
| 040 | _aAM-YeHGA | ||
| 041 | 0 | _arus | |
| 100 | 1 | _aКочин, Николай Иванович | |
| 245 | 1 | 0 |
_aГремячая поляна : _bРоман / _cНиколай Кочин. |
| 260 |
_aГорький : _bВолго-Вят. кн. изд-во, _c1973. |
||
| 300 |
_a465 с. : _bил. |
||
| 653 | 0 | _aРеволюционное движение в Поволжье, 20 в. (х. л.) | |
| 653 | 0 | _aКрестьянство в Поволжье (х. л.) | |
| 090 | _c307584 | ||
| 999 |
_c305877 _d305877 |
||